[Event "8. Open Internacional de Málaga"]
[Site "Campillos ESP"]
[Date "2005.02.21"]
[Round "4.14"]
[White "Borrego Gil, Diego"]
[Black "Carlsson, Pontus"]
[Result "0-1"]
[WhiteElo "2102"]
[BlackElo "2391"]
[PlyCount "76"]
[EventDate "2005.02.19"]
[EventType "swiss"]
[EventRounds "9"]
[EventCountry "ESP"]
[Source "lmi"]
[SourceDate "2005.02.26"]

1. Nf3 Nf6 2. d4 e6 3. c4 b6 4. Bg5 Bb4+ 5. Nc3 Bb7 6. e3 h6 7. Bxf6 Bxc3+ 8.
bxc3 Qxf6 9. Be2 O-O 10. O-O d6 11. Nd2 c5 12. Bf3 Bxf3 13. Nxf3 Nc6 14. Qd3
Rac8 15. Rfc1 Na5 16. Rab1 Qg6 17. Qxg6 fxg6 18. Nd2 cxd4 19. cxd4 Rc7 20. Ne4
Nb7 21. Nc3 Rxc4 22. Nb5 d5 23. Rxc4 dxc4 24. Rc1 Rc8 25. Nxa7 Ra8 26. Nb5 Rxa2
27. Kf1 Rb2 28. Nc7 b5 29. Nxe6 Kf7 30. d5 Na5 31. Nd4 b4 32. Nc6 Nb3 33. Rd1
c3 34. Ne5+ Kf6 35. Nd3 Rd2 36. Rxd2 Nxd2+ 37. Ke2 b3 38. Kd1 b2 0-1

[Event "8. Open Internacional de Málaga"]
[Site "Campillos ESP"]
[Date "2005.02.21"]
[Round "4.15"]
[White "Milla de Marco, Carlos"]
[Black "Kovacevic, Slobodan"]
[Result "0-1"]
[WhiteElo "2092"]
[BlackElo "2367"]
[PlyCount "62"]
[EventDate "2005.02.19"]
[EventType "swiss"]
[EventRounds "9"]
[EventCountry "ESP"]
[Source "lmi"]
[SourceDate "2005.02.26"]

1. e4 c5 2. Nc3 Nc6 3. g3 g6 4. Bg2 Bg7 5. d3 d6 6. Be3 Rb8 7. Qd2 b5 8. Nge2
Nd4 9. O-O b4 10. Nd1 e6 11. Nc1 Qa5 12. a3 Qc7 13. axb4 cxb4 14. c3 bxc3 15.
bxc3 Nc6 16. f4 Nge7 17. Qf2 a6 18. f5 exf5 19. g4 O-O 20. gxf5 gxf5 21. Qg3
Kh8 22. d4 fxe4 23. Bxe4 f5 24. Bg2 Rg8 25. Qf2 a5 26. Qa2 Ba6 27. Rf2 Bc4 28.
Nb3 Bf6 29. Kh1 Bh4 30. Rf1 Qd7 31. Nb2 Rxg2 0-1

[Event "8. Open Internacional de Málaga"]
[Site "Campillos ESP"]
[Date "2005.02.22"]
[Round "5.1"]
[White "Matamoros Franco, Carlos S"]
[Black "Colovic, Aleksandar"]
[Result "1/2-1/2"]
[WhiteElo "2522"]
[BlackElo "2408"]
[PlyCount "97"]
[EventDate "2005.02.19"]
[EventType "swiss"]
[EventRounds "9"]
[EventCountry "ESP"]
[Source "lmi"]
[SourceDate "2005.02.26"]

1. c4 Nf6 2. g3 c6 3. Bg2 d5 4. Nf3 g6 5. b3 Bg7 6. Bb2 O-O 7. O-O Bg4 8. d3
Bxf3 9. exf3 e6 10. f4 Nbd7 11. Qc2 a5 12. Nd2 Ne8 13. d4 Nd6 14. Nf3 Nf5 15.
Rfd1 a4 16. Bc3 Nf6 17. Ne5 axb3 18. axb3 Rxa1 19. Rxa1 dxc4 20. bxc4 Nxd4 21.
Qb2 c5 22. Ba5 Qe7 23. Qxb7 Qxb7 24. Bxb7 Rb8 25. Bc7 Re8 26. Ra8 Rxa8 27. Bxa8
Ne8 28. Bb6 Nb3 29. Bb7 Nd6 30. Ba6 Nd2 31. Bxc5 Bxe5 32. fxe5 N6xc4 33. f4 Ne4
34. Bd4 Ncd2 35. Kg2 f5 36. exf6 Nb3 37. Be5 Nbc5 38. Bc4 Kf7 39. Bd4 Nd7 40.
g4 Nd6 41. Bd3 Nxf6 42. Kf3 h5 43. h3 hxg4+ 44. hxg4 Nd5 45. Be5 Ne8 46. Bc4
Nef6 47. Bd4 Ne7 48. Kg3 Ne4+ 49. Kh2 1/2-1/2

[Event "8. Open Internacional de Málaga"]
[Site "Campillos ESP"]
[Date "2005.02.22"]
[Round "5.2"]
[White "Barrientos Chavarriaga, Sergio"]
[Black "Rizouk, Aimen"]
[Result "1/2-1/2"]
[WhiteElo "2432"]
[BlackElo "2465"]
[PlyCount "42"]
[EventDate "2005.02.19"]
[EventType "swiss"]
[EventRounds "9"]
[EventCountry "ESP"]
[Source "lmi"]
[SourceDate "2005.02.26"]

1. e4 e5 2. Nf3 Nf6 3. Nxe5 d6 4. Nf3 Nxe4 5. Nc3 Nxc3 6. dxc3 Be7 7. Bf4 Nd7
8. Qd2 Nc5 9. O-O-O Bg4 10. h3 Bxf3 11. gxf3 O-O 12. h4 Bxh4 13. Bd3 Nxd3+ 14.
Qxd3 g6 15. Rdg1 Re8 16. Be3 Bf6 17. Qf5 Bg7 18. Rxh7 Rxe3 19. fxe3 gxf5 20.
Rgxg7+ Kf8 21. Rxf7+ Kg8 1/2-1/2

[Event "8. Open Internacional de Málaga"]
[Site "Campillos ESP"]
[Date "2005.02.22"]
[Round "5.3"]
[White "Tissir, Mohamed"]
[Black "Suba, Mihai"]
[Result "0-1"]
[WhiteElo "2394"]
[BlackElo "2529"]
[PlyCount "136"]
[EventDate "2005.02.19"]
[EventType "swiss"]
[EventRounds "9"]
[EventCountry "ESP"]
[Source "lmi"]
[SourceDate "2005.02.26"]

1. e4 c5 2. Nf3 d6 3. d4 Nf6 4. Nc3 cxd4 5. Nxd4 e6 6. Be2 a6 7. O-O Qc7 8. a4
Be7 9. f4 O-O 10. Kh1 b6 11. e5 dxe5 12. fxe5 Nfd7 13. Bf4 Bb7 14. Bd3 Nc5 15.
Qg4 Nbd7 16. Bh6 Qxe5 17. Rae1 f5 18. Nxf5 exf5 19. Qc4+ Kh8 20. Rxe5 Nxe5 21.
Bxg7+ Kxg7 22. Qd4 Bf6 23. Bxf5 Rad8 24. Qe3 Ng6 25. b4 Bd4 26. Qe1 Rde8 27.
Qd2 Be3 28. Qd1 Nf4 29. Rxf4 Bxf4 30. bxc5 Kh8 31. Bd7 bxc5 32. Bxe8 Rxe8 33.
Ne2 Bh6 34. Qd7 Rxe2 35. Qd8+ Kg7 36. Qd7+ Kf6 37. Qd8+ Kf7 38. Qd7+ Re7 39.
Qf5+ Kg8 40. h4 Bf8 41. Kh2 Rf7 42. Qe6 Be7 43. c4 Bf6 44. Qg4+ Kf8 45. Qf4 Bd4
46. Qb8+ Kg7 47. Qg3+ Kf6 48. Qd6+ Kf5 49. Kh3 Rg7 50. g4+ Ke4 51. g5 Kd3 52.
Qe6 a5 53. Kg4 Be4 54. Qb6 Rb7 55. Qxa5 Rb1 56. Qd8 Rg1+ 57. Kf4 Rf1+ 58. Kg4
Ke3 59. Qe7 Rg1+ 60. Kh5 Kd3 61. Qd6 Kxc4 62. a5 Kd3 63. a6 c4 64. Qa3+ c3 65.
a7 Bg6+ 66. Kh6 Rh1 67. Qa6+ Kd2 68. Qxg6 Rxh4+ 0-1

[Event "8. Open Internacional de Málaga"]
[Site "Campillos ESP"]
[Date "2005.02.22"]
[Round "5.4"]
[White "Kovacevic, Slobodan"]
[Black "Galego, Luis"]
[Result "0-1"]
[WhiteElo "2367"]
[BlackElo "2496"]
[PlyCount "134"]
[EventDate "2005.02.19"]
[EventType "swiss"]
[EventRounds "9"]
[EventCountry "ESP"]
[Source "lmi"]
[SourceDate "2005.02.26"]

1. d4 Nf6 2. Nf3 b6 3. Bf4 Bb7 4. Nbd2 e6 5. e3 d5 6. Bd3 Bd6 7. c3 O-O 8. Qb1
Bxf4 9. exf4 c5 10. O-O Nc6 11. a3 cxd4 12. Nxd4 Nxd4 13. cxd4 Qd6 14. g3 a5
15. Re1 Rfc8 16. Qd1 Ba6 17. Bxa6 Rxa6 18. Rc1 Raa8 19. Re3 Qd7 20. Rec3 Rxc3
21. Rxc3 Rc8 22. Qc2 Rxc3 23. Qxc3 g6 24. Nf3 Ne4 25. Qc2 f6 26. Kg2 Nd6 27. a4
Qc8 28. Qe2 Kf7 29. b3 Ne4 30. h3 Ke7 31. Qe3 Kf8 32. Nd2 Qc3 33. Qxc3 Nxc3 34.
Kf3 b5 35. axb5 Nxb5 36. Ke3 Ke7 37. Kd3 Kd7 38. g4 Nd6 39. f3 Nb5 40. Nf1 Kd6
41. Ng3 Na7 42. h4 Nc6 43. h5 g5 44. fxg5 fxg5 45. Ke3 Nb4 46. Ne2 Nc2+ 47. Kd2
Nb4 48. Ke3 Ke7 49. Kd2 Kf7 50. Ke3 Kf6 51. Kd2 e5 52. Kc3 Nc6 53. Kd3 exd4 54.
Nxd4 Nb4+ 55. Ke3 Ke5 56. Ne2 Nc2+ 57. Kd3 Ne1+ 58. Ke3 Ng2+ 59. Kd2 d4 60. Ng3
Kf4 61. Nf5 Nh4 62. Ne7 Nxf3+ 63. Kd3 Kxg4 64. Nc6 Kf4 65. Nxa5 g4 66. Ke2 d3+
67. Kxd3 g3 0-1

[Event "8. Open Internacional de Málaga"]
[Site "Campillos ESP"]
[Date "2005.02.22"]
[Round "5.5"]
[White "Komljenovic, Davor"]
[Black "Belezky, Sasha"]
[Result "1-0"]
[WhiteElo "2492"]
[BlackElo "2402"]
[PlyCount "54"]
[EventDate "2005.02.19"]
[EventType "swiss"]
[EventRounds "9"]
[EventCountry "ESP"]
[Source "lmi"]
[SourceDate "2005.02.26"]

1. d4 Nf6 2. c4 e6 3. Nc3 Bb4 4. Qc2 Nc6 5. Nf3 d6 6. a3 Bxc3+ 7. Qxc3 Qe7 8.
g3 e5 9. d5 Nb8 10. b4 O-O 11. Bg2 a5 12. O-O axb4 13. axb4 Rxa1 14. Qxa1 Na6
15. Qa3 Qe8 16. Nh4 b5 17. c5 dxc5 18. bxc5 b4 19. Qa5 Qe7 20. c6 e4 21. f3 Re8
22. Bf4 h6 23. fxe4 Nxe4 24. Nf3 Nc3 25. Nd4 g5 26. Bd2 Qe5 27. Bxc3 bxc3 1-0

[Event "8. Open Internacional de Málaga"]
[Site "Campillos ESP"]
[Date "2005.02.22"]
[Round "5.6"]
[White "Javakhishvili, Lela"]
[Black "Alonso, Rene"]
[Result "1/2-1/2"]
[WhiteElo "2456"]
[BlackElo "2395"]
[PlyCount "72"]
[EventDate "2005.02.19"]
[EventType "swiss"]
[EventRounds "9"]
[EventCountry "ESP"]
[Source "lmi"]
[SourceDate "2005.02.26"]

1. d4 Nf6 2. c4 g6 3. Nc3 d5 4. Bg5 Ne4 5. Bh4 Nxc3 6. bxc3 dxc4 7. e3 Be6 8.
Qb1 b6 9. Nh3 Bh6 10. Bg5 Bxg5 11. Nxg5 Qd5 12. Nxe6 fxe6 13. a4 Nc6 14. Qb5
Qxb5 15. axb5 Na5 16. Ra4 Kd7 17. h4 Rhf8 18. g4 h5 19. Bg2 Rac8 20. Be4 hxg4
21. Bxg6 Rf3 22. h5 Rcf8 23. h6 Rh3 24. Rxh3 gxh3 25. Ra1 Rf6 26. h7 Rxg6 27.
h8=Q Rg1+ 28. Ke2 Rxa1 29. Qxh3 Ra2+ 30. Kf3 Rd2 31. Ke4 Nb7 32. Ke5 Nd8 33. f4
Nf7+ 34. Ke4 Nd6+ 35. Ke5 Nf7+ 36. Ke4 Nd6+ 1/2-1/2

[Event "8. Open Internacional de Málaga"]
[Site "Campillos ESP"]
[Date "2005.02.22"]
[Round "5.7"]
[White "Perez, Rodney"]
[Black "Yeo, Michael J"]
[Result "1-0"]
[WhiteElo "2430"]
[BlackElo "2222"]
[PlyCount "49"]
[EventDate "2005.02.19"]
[EventType "swiss"]
[EventRounds "9"]
[EventCountry "ESP"]
[Source "lmi"]
[SourceDate "2005.02.26"]

1. e4 e5 2. Nf3 Nc6 3. Bb5 a6 4. Ba4 d6 5. O-O Bg4 6. h3 h5 7. Bxc6+ bxc6 8. d4
Qf6 9. Nbd2 Be6 10. Nb3 Qg6 11. Qd3 f6 12. c4 Ne7 13. dxe5 dxe5 14. Nc5 Qf7 15.
Rd1 Ng6 16. Nxa6 Bd6 17. c5 Bc4 18. Qc3 Rxa6 19. cxd6 cxd6 20. b3 Be2 21. Rxd6
O-O 22. Ne1 Qc7 23. Rd2 Bb5 24. a4 Rfa8 25. Rb1 1-0

[Event "8. Open Internacional de Málaga"]
[Site "Campillos ESP"]
[Date "2005.02.22"]
[Round "5.9"]
[White "Matnadze, Ana"]
[Black "Arizmendi Martinez, Julen"]
[Result "1-0"]
[WhiteElo "2376"]
[BlackElo "2509"]
[PlyCount "59"]
[EventDate "2005.02.19"]
[EventType "swiss"]
[EventRounds "9"]
[EventCountry "ESP"]
[Source "lmi"]
[SourceDate "2005.02.26"]

1. d4 Nf6 2. g3 c5 3. d5 e6 4. c4 exd5 5. cxd5 b5 6. Bg2 d6 7. Nh3 Nbd7 8. O-O
g6 9. f4 Bg7 10. e4 O-O 11. Re1 Nb6 12. Nf2 Bb7 13. Nd2 Re8 14. Nf3 Rc8 15. g4
Nfd7 16. g5 Na4 17. Qc2 c4 18. Be3 Nxb2 19. Bd4 Bxd4 20. Nxd4 Nd3 21. Nxd3 cxd3
22. Qxd3 Rc4 23. Kh1 Nc5 24. Qd2 Qb6 25. Rad1 Na4 26. e5 dxe5 27. Nc6 e4 28.
Ne5 Rcc8 29. Nd7 e3 30. Qb4 1-0

[Event "8. Open Internacional de Málaga"]
[Site "Campillos ESP"]
[Date "2005.02.22"]
[Round "5.10"]
[White "Khamrakulov, Ibragim S"]
[Black "Frois, Antonio"]
[Result "1-0"]
[WhiteElo "2501"]
[BlackElo "2320"]
[PlyCount "59"]
[EventDate "2005.02.19"]
[EventType "swiss"]
[EventRounds "9"]
[EventCountry "ESP"]
[Source "lmi"]
[SourceDate "2005.02.26"]

1. e4 c5 2. c3 d5 3. exd5 Qxd5 4. d4 g6 5. Na3 Bg7 6. Nb5 Na6 7. Be3 cxd4 8.
Qa4 Qc6 9. Bxd4 Nf6 10. Nd6+ exd6 11. Bb5 Bd7 12. Bxc6 Bxc6 13. Qa3 Bxg2 14.
Qxd6 Ne4 15. Qa3 Bxd4 16. cxd4 O-O-O 17. f3 Bxh1 18. fxe4 Bxe4 19. Ne2 Rhe8 20.
Kf2 Bc6 21. Rc1 Re6 22. Qa5 Nc7 23. Qxa7 Rde8 24. Nc3 Rf6+ 25. Kg1 Rf5 26. h4
Nb5 27. Nxb5 Rxb5 28. Qa3 Re2 29. d5 Rxd5 30. Rxc6+ 1-0

[Event "8. Open Internacional de Málaga"]
[Site "Campillos ESP"]
[Date "2005.02.22"]
[Round "5.11"]
[White "Barria, Daniel"]
[Black "Saldano, Horacio"]
[Result "1/2-1/2"]
[WhiteElo "2394"]
[BlackElo "2482"]
[PlyCount "65"]
[EventDate "2005.02.19"]
[EventType "swiss"]
[EventRounds "9"]
[EventCountry "ESP"]
[Source "lmi"]
[SourceDate "2005.02.26"]

1. e4 c5 2. Nf3 Nc6 3. d4 cxd4 4. Nxd4 e5 5. Nb5 d6 6. N1c3 a6 7. Na3 Be7 8.
Nc4 b5 9. Ne3 Nf6 10. g3 h5 11. Bg2 h4 12. O-O Nd4 13. Ncd5 Nxd5 14. Nxd5 Be6
15. c3 Bxd5 16. exd5 Nf5 17. a4 hxg3 18. hxg3 g6 19. axb5 axb5 20. Rxa8 Qxa8
21. Qd3 Qb7 22. Bd2 Kf8 23. Ra1 Kg7 24. Ra5 b4 25. cxb4 Bd8 26. Ra6 Bb6 27. Bc3
Nd4 28. Bxd4 Bxd4 29. b5 Qc7 30. Qd2 Qc5 31. Rc6 Qxb5 32. Rxd6 Rh5 33. Be4
1/2-1/2

[Event "8. Open Internacional de Málaga"]
[Site "Campillos ESP"]
[Date "2005.02.22"]
[Round "5.12"]
[White "Cramling, Pia"]
[Black "Picazo Lopez, Juan Antonio"]
[Result "1-0"]
[WhiteElo "2481"]
[BlackElo "2094"]
[PlyCount "86"]
[EventDate "2005.02.19"]
[EventType "swiss"]
[EventRounds "9"]
[EventCountry "ESP"]
[Source "lmi"]
[SourceDate "2005.02.26"]

1. d4 d5 2. Nf3 c6 3. c4 Nf6 4. Nc3 e6 5. Bg5 Nbd7 6. e3 Qa5 7. Nd2 Bb4 8. Qc2
O-O 9. a3 Bxc3 10. Qxc3 Qxc3 11. bxc3 Re8 12. Bd3 dxc4 13. Nxc4 e5 14. Nd6 Re6
15. Nxc8 Rxc8 16. Bf5 Re7 17. O-O-O Rce8 18. e4 h6 19. Bxf6 Nxf6 20. f3 g6 21.
Bh3 Rd8 22. Kc2 exd4 23. cxd4 Nh7 24. g3 Ng5 25. Bg2 Ne6 26. d5 cxd5 27. Rxd5
Rc7+ 28. Kb1 Rdc8 29. Rhd1 Rc3 30. R5d3 Rc2 31. R1d2 Rxd2 32. Rxd2 Rc3 33. Kb2
Rc7 34. f4 Nc5 35. e5 b6 36. Rd6 Kf8 37. h4 Rd7 38. Rxd7 Nxd7 39. Kc3 Ke7 40.
Kd4 f6 41. exf6+ Nxf6 42. Bh3 Kd6 43. g4 Ng8 1-0

[Event "8. Open Internacional de Málaga"]
[Site "Campillos ESP"]
[Date "2005.02.22"]
[Round "5.13"]
[White "Bellon Lopez, Juan Manuel"]
[Black "Fenollar Jorda, Manuel"]
[Result "1-0"]
[WhiteElo "2428"]
[BlackElo "2226"]
[PlyCount "41"]
[EventDate "2005.02.19"]
[EventType "swiss"]
[EventRounds "9"]
[EventCountry "ESP"]
[Source "lmi"]
[SourceDate "2005.02.26"]

1. d4 d5 2. c4 c6 3. Nf3 Nf6 4. Nc3 dxc4 5. a4 Bf5 6. Nh4 Bg4 7. f3 Bh5 8. e4
e6 9. g3 Bb4 10. Be2 c5 11. Be3 Nc6 12. dxc5 Qa5 13. g4 Bxg4 14. fxg4 Bxc3+ 15.
bxc3 Qxc3+ 16. Bd2 Qh3 17. Nf3 Nxe4 18. Rg1 O-O-O 19. Bf1 Qxf3 20. Qxf3 Nxd2
21. Qc3 1-0

[Event "8. Open Internacional de Málaga"]
[Site "Campillos ESP"]
[Date "2005.02.22"]
[Round "5.14"]
[White "Lopez Gonzalez, Daniel"]
[Black "Baron Rodriguez, Jesus"]
[Result "0-1"]
[WhiteElo "2128"]
[BlackElo "2422"]
[PlyCount "66"]
[EventDate "2005.02.19"]
[EventType "swiss"]
[EventRounds "9"]
[EventCountry "ESP"]
[Source "lmi"]
[SourceDate "2005.02.26"]

1. c4 e6 2. Nc3 d5 3. d4 Nf6 4. Nf3 Nbd7 5. cxd5 exd5 6. Bg5 Bb4 7. e3 c5 8.
Bd3 Qa5 9. Qc2 c4 10. Bf5 O-O 11. O-O Re8 12. Nd2 g6 13. Bxd7 Nxd7 14. Bh4 Nb6
15. e4 Bxc3 16. bxc3 dxe4 17. Nxe4 Nd5 18. Rfe1 Bf5 19. Rac1 Bxe4 20. Rxe4 Nxc3
21. Re5 Rxe5 22. dxe5 Nxa2 23. Ra1 Nb4 24. Qc3 Qc5 25. Rb1 Nd5 26. Qh3 Qc6 27.
Bg5 c3 28. Qd3 c2 29. Rc1 Rc8 30. Qd4 Nc3 31. Qd2 Na2 32. Bf6 Nxc1 33. Qxc1 Qd5
0-1

[Event "8. Open Internacional de Málaga"]
[Site "Campillos ESP"]
[Date "2005.02.22"]
[Round "5.15"]
[White "Korneev, Oleg"]
[Black "Gavilan Diaz, Mario"]
[Result "1-0"]
[WhiteElo "2602"]
[BlackElo "2078"]
[PlyCount "101"]
[EventDate "2005.02.19"]
[EventType "swiss"]
[EventRounds "9"]
[EventCountry "ESP"]
[Source "lmi"]
[SourceDate "2005.02.26"]

1. e4 c5 2. Nf3 d6 3. d4 cxd4 4. Nxd4 Nf6 5. Nc3 a6 6. Be3 Ng4 7. Bc1 Nf6 8. f3
e5 9. Nb3 Be6 10. Be3 Nbd7 11. Qd2 Be7 12. g4 h6 13. O-O-O b5 14. Kb1 Nb6 15.
Qf2 Rb8 16. Nc5 Bc8 17. Nd3 Nc4 18. Ba7 Ra8 19. Nb4 Qc7 20. Be3 Be6 21. h4 Rc8
22. Bxc4 Qxc4 23. Ncd5 Bxd5 24. Nxd5 Nxd5 25. Rxd5 a5 26. b3 Qc6 27. Qe2 Rb8
28. a3 h5 29. g5 g6 30. f4 exf4 31. Bxf4 O-O 32. Rhd1 Rfe8 33. R1d4 Bf8 34.
Bxd6 Bxd6 35. Rxd6 Qc5 36. Kb2 Rbc8 37. Qd3 Qe5 38. R6d5 Qh2 39. Rxb5 Qxh4 40.
Rxa5 Qf2 41. Rd7 h4 42. Raa7 Rf8 43. e5 Rc6 44. Rac7 Rxc7 45. Rxc7 Qf4 46. Qc3
Qf5 47. e6 Qxe6 48. Rc4 f6 49. Rxh4 fxg5 50. Rh8+ Kf7 51. Qc7+ 1-0

[Event "8. Open Internacional de Málaga"]
[Site "Campillos ESP"]
[Date "2005.02.23"]
[Round "6.2"]
[White "Rizouk, Aimen"]
[Black "Matamoros Franco, Carlos S"]
[Result "1/2-1/2"]
[WhiteElo "2465"]
[BlackElo "2522"]
[PlyCount "50"]
[EventDate "2005.02.19"]
[EventType "swiss"]
[EventRounds "9"]
[EventCountry "ESP"]
[Source "lmi"]
[SourceDate "2005.02.26"]

1. e4 e6 2. d4 d5 3. Nd2 c5 4. exd5 Qxd5 5. Ngf3 cxd4 6. Bc4 Qd6 7. O-O Nf6 8.
Nb3 Nc6 9. Nbxd4 Nxd4 10. Nxd4 a6 11. Bd3 Qc7 12. Qe2 Bd6 13. Nf3 b5 14. c3 Bb7
15. a4 O-O 16. Bg5 Ng4 17. h3 Bh2+ 18. Kh1 Bg1 19. Bxh7+ Kxh7 20. hxg4 Bxf3 21.
Qd3+ Kg8 22. Kxg1 Bxg4 23. axb5 Qc5 24. Bf4 Qxb5 25. Qxb5 axb5 1/2-1/2

[Event "8. Open Internacional de Málaga"]
[Site "Campillos ESP"]
[Date "2005.02.23"]
[Round "6.3"]
[White "Galego, Luis"]
[Black "Barrientos Chavarriaga, Sergio"]
[Result "1-0"]
[WhiteElo "2496"]
[BlackElo "2432"]
[PlyCount "71"]
[EventDate "2005.02.19"]
[EventType "swiss"]
[EventRounds "9"]
[EventCountry "ESP"]
[Source "lmi"]
[SourceDate "2005.02.26"]

1. Nf3 c5 2. c4 Nf6 3. Nc3 d5 4. cxd5 Nxd5 5. Qa4+ Nc6 6. Ne5 e6 7. Nxc6 bxc6
8. g3 Be7 9. Bg2 O-O 10. O-O Qb6 11. d3 Ba6 12. Qc2 Rab8 13. Na4 Qb5 14. b3 Bf6
15. Bb2 Bd4 16. Nc3 Qa5 17. Rfc1 f5 18. Bf3 Rfd8 19. Nxd5 cxd5 20. Bxd4 cxd4
21. Qc7 Qxc7 22. Rxc7 Rb7 23. Rac1 Rd6 24. Rxb7 Bxb7 25. Rc7 Rb6 26. g4 f4 27.
g5 Kf8 28. Bh5 a6 29. Rf7+ Kg8 30. Re7 g6 31. Bg4 e5 32. Rxe5 Kf7 33. Kg2 Rc6
34. Kf3 Rc2 35. Be6+ Ke7 36. Bc8+ 1-0

[Event "8. Open Internacional de Málaga"]
[Site "Campillos ESP"]
[Date "2005.02.23"]
[Round "6.4"]
[White "Colovic, Aleksandar"]
[Black "Komljenovic, Davor"]
[Result "1-0"]
[WhiteElo "2408"]
[BlackElo "2492"]
[PlyCount "49"]
[EventDate "2005.02.19"]
[EventType "swiss"]
[EventRounds "9"]
[EventCountry "ESP"]
[Source "lmi"]
[SourceDate "2005.02.26"]

1. e4 c5 2. Nc3 e6 3. Nge2 a6 4. d4 cxd4 5. Nxd4 b5 6. Bd3 Bb7 7. O-O Ne7 8.
Bg5 h6 9. Bh4 b4 10. Na4 Qa5 11. c3 Ng6 12. Bg3 Nc6 13. Rc1 Nge5 14. Be2 bxc3
15. bxc3 g5 16. Rb1 Ra7 17. Nxc6 Nxc6 18. Nb6 Ba8 19. Bh5 Bc5 20. Nc4 Qxc3 21.
Nd6+ Ke7 22. Nxf7 Re8 23. Rc1 Qd4 24. Rxc5 Qxc5 25. Bd6+ 1-0

[Event "8. Open Internacional de Málaga"]
[Site "Campillos ESP"]
[Date "2005.02.23"]
[Round "6.5"]
[White "Baron Rodriguez, Jesus"]
[Black "Khamrakulov, Ibragim S"]
[Result "1-0"]
[WhiteElo "2422"]
[BlackElo "2501"]
[PlyCount "126"]
[EventDate "2005.02.19"]
[EventType "swiss"]
[EventRounds "9"]
[EventCountry "ESP"]
[Source "lmi"]
[SourceDate "2005.02.26"]

1. e4 c6 2. d4 d5 3. exd5 cxd5 4. c4 Nf6 5. Nc3 e6 6. Nf3 Be7 7. cxd5 Nxd5 8.
Bd3 Nc6 9. O-O O-O 10. Re1 Nf6 11. a3 b6 12. Bc2 Bb7 13. Qd3 g6 14. Bh6 Re8 15.
Rad1 Nd5 16. Ne4 Bf8 17. Bg5 f6 18. Bd2 Rc8 19. Bb3 Nb8 20. Nc3 Kh8 21. h4 Nxc3
22. bxc3 e5 23. d5 Nd7 24. c4 Nc5 25. Qb1 b5 26. Be3 Qd6 27. h5 g5 28. Bxc5
Rxc5 29. Nd2 bxc4 30. Ne4 Qb6 31. Ba4 Rd8 32. Nxc5 Bxc5 33. Qf5 Bc8 34. Qf3 g4
35. Qg3 Bd4 36. h6 Bf5 37. Rc1 c3 38. Bc2 Bc8 39. Rb1 Qd6 40. Re4 f5 41. Rxd4
exd4 42. Qxd6 Rxd6 43. Rb8 Rd8 44. d6 Rg8 45. Rb4 Be6 46. Rxd4 Rd8 47. Kf1 Kg8
48. Ke2 Kf7 49. Kd3 Ba2 50. Kxc3 Ke6 51. Rd2 Ke5 52. Bb3 Bxb3 53. Kxb3 Rxd6 54.
Rxd6 Kxd6 55. Kc4 Ke5 56. a4 Kf4 57. Kd4 Kg5 58. Ke5 f4 59. a5 f3 60. g3 Kxh6
61. Kf5 Kh5 62. a6 h6 63. Kf4 Kg6 1-0

[Event "8. Open Internacional de Málaga"]
[Site "Campillos ESP"]
[Date "2005.02.23"]
[Round "6.6"]
[White "Llanes Hurtado, Miguel"]
[Black "Cramling, Pia"]
[Result "1/2-1/2"]
[WhiteElo "2418"]
[BlackElo "2481"]
[PlyCount "21"]
[EventDate "2005.02.19"]
[EventType "swiss"]
[EventRounds "9"]
[EventCountry "ESP"]
[Source "lmi"]
[SourceDate "2005.02.26"]

1. d4 Nf6 2. Nf3 d5 3. c4 c6 4. cxd5 cxd5 5. Nc3 Nc6 6. Bf4 a6 7. Rc1 Bf5 8. e3
e6 9. Be2 Be7 10. O-O O-O 11. Nd2 1/2-1/2

[Event "8. Open Internacional de Málaga"]
[Site "Campillos ESP"]
[Date "2005.02.23"]
[Round "6.8"]
[White "Alonso, Rene"]
[Black "Bellon Lopez, Juan Manuel"]
[Result "1-0"]
[WhiteElo "2395"]
[BlackElo "2428"]
[PlyCount "117"]
[EventDate "2005.02.19"]
[EventType "swiss"]
[EventRounds "9"]
[EventCountry "ESP"]
[Source "lmi"]
[SourceDate "2005.02.26"]

1. d4 d5 2. c4 c6 3. e3 Nf6 4. Nf3 g6 5. Nc3 Bg7 6. cxd5 Nxd5 7. Bc4 O-O 8. O-O
Nb6 9. Bb3 a5 10. h3 N8d7 11. e4 Nf6 12. a3 Bd7 13. Be3 a4 14. Ba2 Ne8 15. Qe2
Kh8 16. Ng5 e6 17. f4 Qe7 18. Rae1 f6 19. Nf3 f5 20. Ne5 Ra6 21. d5 exd5 22.
exd5 Bxe5 23. fxe5 Nxd5 24. e6 Nxc3 25. Bd4+ Ng7 26. Bxc3 Bc8 27. Qe5 c5 28.
Qxg7+ Qxg7 29. e7 Re8 30. Bf7 Bd7 31. Bxe8 Bxe8 32. Bxg7+ Kxg7 33. Re5 Rc6 34.
g4 Kf6 35. Rfe1 b6 36. gxf5 gxf5 37. Rd5 Re6 38. Kf2 Rxe1 39. Kxe1 Ke6 40. Rd8
Kxe7 41. Rb8 b5 42. Kf2 b4 43. axb4 cxb4 44. Rxb4 Kf6 45. Rb8 Bf7 46. Rb7 h5
47. h4 Bb3 48. Ke3 Ke5 49. Rb4 Kd5 50. Rb5+ Kc4 51. Rxf5 Bd1 52. Rf8 Kb3 53.
Kd2 Bg4 54. Rb8+ Kc4 55. Kc1 Bf5 56. Rh8 Bg4 57. Kb1 Kd5 58. Ka2 Ke4 59. Rf8
1-0

[Event "8. Open Internacional de Málaga"]
[Site "Campillos ESP"]
[Date "2005.02.23"]
[Round "6.9"]
[White "Korneev, Oleg"]
[Black "Matnadze, Ana"]
[Result "1/2-1/2"]
[WhiteElo "2602"]
[BlackElo "2376"]
[PlyCount "113"]
[EventDate "2005.02.19"]
[EventType "swiss"]
[EventRounds "9"]
[EventCountry "ESP"]
[Source "lmi"]
[SourceDate "2005.02.26"]

1. e4 c5 2. Nf3 d6 3. d4 cxd4 4. Nxd4 Nf6 5. Nc3 Nc6 6. Bg5 Bd7 7. Qd2 Rc8 8.
f4 h6 9. Bxf6 gxf6 10. Nf5 Qa5 11. Bd3 Nb4 12. a3 Rg8 13. g3 a6 14. Nd5 Nxd3+
15. cxd3 Qd8 16. O-O Bc6 17. Rfe1 e6 18. Nd4 Bg7 19. Nxc6 bxc6 20. Ne3 Ke7 21.
Rac1 h5 22. h4 Qb6 23. Kh2 Bh6 24. b4 Qb8 25. Rc2 Kd7 26. Qc3 Bg7 27. Nc4 Qa7
28. a4 Rc7 29. a5 Ke7 30. d4 Rd8 31. Nb6 Kf8 32. Rec1 Kg8 33. Qf3 Qb7 34. Qxh5
c5 35. d5 f5 36. exf5 exf5 37. Qxf5 Re8 38. bxc5 Rxc5 39. Rxc5 dxc5 40. Rxc5
Qe7 41. Qc2 Bf8 42. Rc8 Rxc8 43. Nxc8 Qb4 44. Qd3 Qxa5 45. d6 Qa2+ 46. Kh1 Qe6
47. Qxa6 Qh3+ 48. Kg1 Qxg3+ 49. Kf1 Qxf4+ 50. Ke2 Qe4+ 51. Kd1 Qb1+ 52. Kd2
Bh6+ 53. Kc3 Bg7+ 54. Kd2 Bh6+ 55. Kc3 Bg7+ 56. Kd2 Bh6+ 57. Kc3 1/2-1/2

[Event "8. Open Internacional de Málaga"]
[Site "Campillos ESP"]
[Date "2005.02.23"]
[Round "6.10"]
[White "Saldano, Horacio"]
[Black "Yeo, Michael J"]
[Result "1-0"]
[WhiteElo "2482"]
[BlackElo "2222"]
[PlyCount "73"]
[EventDate "2005.02.19"]
[EventType "swiss"]
[EventRounds "9"]
[EventCountry "ESP"]
[Source "lmi"]
[SourceDate "2005.02.26"]

1. e4 e5 2. Nf3 Nc6 3. Bb5 a6 4. Ba4 d6 5. Bxc6+ bxc6 6. d4 f6 7. Be3 Ne7 8.
Nc3 Ng6 9. Qe2 Be7 10. O-O-O Bd7 11. h4 h5 12. dxe5 fxe5 13. Qc4 Qb8 14. Ng5
Bxg5 15. hxg5 a5 16. g3 Qb4 17. Qe2 Bg4 18. f3 Be6 19. a3 Qb7 20. Kb1 Qa6 21.
Qxa6 Rxa6 22. f4 Bg4 23. Rdf1 Ra8 24. f5 Nf8 25. g6 Nd7 26. Bg5 Nf6 27. Bxf6
gxf6 28. Nd1 Kf8 29. Ne3 Kg7 30. Rf2 Rad8 31. c4 d5 32. cxd5 cxd5 33. exd5 c6
34. dxc6 Rc8 35. Nxg4 hxg4 36. Rxh8 Kxh8 37. Rc2 1-0